Geography and History of Normandy on a Map - Statistics

General Stats
  • This quiz has been taken 368 times
    256 since last reset
  • The average score is 8 of 36
Answers on the Map
Answers color-coded by a green-red scale on the quiz's map according to % correct below.
 
Answer Stats
Answer % Correct
Seine
72%
Caen
68%
Le Havre
65%
Mont-Saint-Michel
60%
Rouen
59%
Cherbourg
48%
Juno Beach
43%
Bayeux Tapestry
35%
Calvados
35%
Camembert
32%
Manche
27%
Fallue
24%
Orne
24%
Étretat
23%
Rollo
23%
Saint-Lô
23%
Alençon
20%
Lisieux
20%
William Rufus
20%
Battle of the Falaise pocket
13%
Motte-and-bailey
13%
Andouille
12%
Charlotte Corday
10%
Pegasus Bridge
10%
Marcel Duchamp
8%
Operation Cobra
6%
Château Gaillard
5%
Chausey
5%
Dives
5%
Couesnon
4%
Geoffrey Plantagenet
4%
Battle of Formigny
3%
Battle of Val-ès-Dunes
2%
Battle of Verneuil
2%
Jean Dubuffet
2%
Jumièges Abbey
2%
No matching quizzes found
Score Distribution
Percent of People with Each Score
Percentile by Number Answered
Your Score History
You have not taken this quiz since the last reset